| 000 | 00359nam a2200133Ia 4500 | ||
|---|---|---|---|
| 003 | PILC | ||
| 008 | 220421s2005 xx 000 0 und d | ||
| 040 | _cEARIST LIBRARY | ||
| 100 | _aDagoon, Jesse D. | ||
| 245 | 0 | _aTeaching strategies in livelihood and vocational education today / | |
| 260 |
_aManila, _bRex : _c2005. |
||
| 999 |
_c2675 _d2675 |
||
| 942 |
_2ddc _cBK |
||